000 00479nam a22001577a 4500
005 20230303010650.0
008 230303b |||||||| |||| 00| 0 eng d
020 _a978-971-9924-69-2
082 _aFil. 516.23 Ea12 2011
100 _aEarnhart, Richard T.
_eauthor
245 _aSolid mensuration:
_bunderstanding the 3D space /
_cRichard T. Earnhart
260 _aQuezon City:
_bC & E Publishing,
_cc2011
300 _aix, 245p.
541 _e5056
650 _aMensuration - Geometry
999 _c1515
_d1515